<?xml version="1.0" encoding="UTF-8"?>
<record
    xmlns:xsi="http://www.w3.org/2001/XMLSchema-instance"
    xsi:schemaLocation="http://www.loc.gov/MARC21/slim http://www.loc.gov/standards/marcxml/schema/MARC21slim.xsd"
    xmlns="http://www.loc.gov/MARC21/slim">

  <leader>01943nam a22001457a 4500</leader>
  <datafield tag="999" ind1=" " ind2=" ">
    <subfield code="c">527952</subfield>
    <subfield code="d">527952</subfield>
  </datafield>
  <controlfield tag="008">241011b           ||||| |||| 00| 0 eng d</controlfield>
  <datafield tag="245" ind1=" " ind2=" ">
    <subfield code="a">After cleaner Ghats, Ganga at Varanasi to be pollution free too </subfield>
  </datafield>
  <datafield tag="260" ind1=" " ind2=" ">
    <subfield code="a">Yojana </subfield>
  </datafield>
  <datafield tag="300" ind1=" " ind2=" ">
    <subfield code="a">68(10), Oct, 2024: p.34-35</subfield>
  </datafield>
  <datafield tag="520" ind1=" " ind2=" ">
    <subfield code="a">This article highlights the ongoing efforts to make the Ganga at Varanasi pollution-free following the successful cleaning of its ghats. Under the Namami Gange Programme, the Government of India has intensified initiatives to reduce pollution, rejuvenate the river, and integrate community participation. Projects include sewage treatment plants, solid waste management, and awareness campaigns, supported by international cooperation such as the Japan International Cooperation Agency (JICA). The study emphasizes the cultural and spiritual significance of the Ganga, while situating pollution control within broader frameworks of environmental governance and sustainable development. By focusing on Varanasi as a symbolic and practical site of intervention, the paper underscores the importance of combining infrastructure, policy, and citizen engagement to achieve long-term river health. All who have been enjoying cleaner gnats a Varanasi would also some bask in the pollution free waters of city. Under Namani Gange programme, an all-encompassing approach has been employed to arrest pollution flowing into the river and ensure clean Ghats. From sewage treatment plants, to Ghat improvement to river surface cleaning, several steps in a time bound manner are being taken in Varanasi by national mission for clean Ganga to rid the city of river pollution. &#x2013; Reproduced </subfield>
  </datafield>
  <datafield tag="650" ind1=" " ind2=" ">
    <subfield code="a">Environmental Studies, Ganga, Varanasi, Pollution Control, Namami Gange, River Conservation, Public Policy, Sanitation, Wastewater Treatment, Community Participation, Sustainable Development, India</subfield>
    <subfield code="9">59180</subfield>
  </datafield>
  <datafield tag="773" ind1=" " ind2=" ">
    <subfield code="a">Yojana </subfield>
  </datafield>
  <datafield tag="906" ind1=" " ind2=" ">
    <subfield code="a">ENVIRONMENT</subfield>
  </datafield>
  <datafield tag="942" ind1=" " ind2=" ">
    <subfield code="c">AR</subfield>
  </datafield>
  <datafield tag="952" ind1=" " ind2=" ">
    <subfield code="0">0</subfield>
    <subfield code="1">0</subfield>
    <subfield code="2">ddc</subfield>
    <subfield code="4">0</subfield>
    <subfield code="7">0</subfield>
    <subfield code="9">403033</subfield>
    <subfield code="a">IIPA</subfield>
    <subfield code="b">IIPA</subfield>
    <subfield code="d">2024-10-11</subfield>
    <subfield code="h">68(10), Oct, 2024: p.34-35</subfield>
    <subfield code="p">AR133382</subfield>
    <subfield code="r">2024-10-11</subfield>
    <subfield code="y">AR</subfield>
  </datafield>
</record>
